[Event "Kramnik Challenge 2021"]
[Site "chess24.com INT"]
[Date "2021.08.14"]
[Round "12.1"]
[White "Yip, Carissa"]
[Black "Shuvalova, Polina"]
[Result "1-0"]
[WhiteTitle "IM"]
[BlackTitle "IM"]
[WhiteElo "2404"]
[BlackElo "2507"]
[WhiteFideId "2090732"]
[BlackFideId "24171760"]
[EventDate "2021.08.12"]

1. e4 c6 2. d4 d5 3. Nd2 dxe4 4. Nxe4 Nf6 5. Nxf6+ exf6 6. c3 Bd6 7. Bd3 O-O 8.
Ne2 Re8 9. Qc2 h5 10. Be3 Nd7 11. O-O-O Nf8 12. c4 b5 13. c5 Bc7 14. d5 a6 15.
dxc6 Qe7 16. Rhe1 Bg4 17. h3 Bxe2 18. Rxe2 Qe6 19. Kb1 Qxc6 20. f3 Rad8 21. Be4
Rxd1+ 22. Qxd1 Qe6 23. Qc2 g6 24. g4 h4 25. Bf2 Bg3 26. Bxg3 hxg3 27. c6 Qd6 28.
Rd2 Qf4 29. a3 Kg7 30. Ka1 Ne6 31. Rd7 Ng5 32. Bd5 Qe3 33. Ka2 Qf2 34. Qb3 Rf8
35. f4 Qxf4 36. c7 Rc8 37. Qc2 Qe5 38. Qc6 Qf4 39. h4 Nh3 40. Rxf7+ Kh6 41. Qd7
Ng5 42. Qxc8 Nxf7 43. Qf8+ Kh7 44. Qxf7+ Kh6 45. Qf8+ Kh7 46. Bg8+ Kh8 47. Bf7+
Kh7 48. Qg8+ 1-0

[Event "Kramnik Challenge 2021"]
[Site "chess24.com INT"]
[Date "2021.08.14"]
[Round "12.2"]
[White "Bjerre, Jonas Buhl"]
[Black "Yoo, Christopher Woojin"]
[Result "0-1"]
[WhiteTitle "GM"]
[BlackTitle "IM"]
[WhiteElo "2550"]
[BlackElo "2466"]
[WhiteFideId "1444948"]
[BlackFideId "30909694"]
[EventDate "2021.08.12"]

1. e4 c5 2. Nf3 e6 3. d4 cxd4 4. Nxd4 Nf6 5. Nc3 d6 6. g4 h6 7. h4 e5 8. Bb5+
Nbd7 9. Nf5 a6 10. Bc4 Qc7 11. Bb3 Nc5 12. Qf3 Be6 13. Be3 h5 14. g5 Ng4 15. Nd5
Bxd5 16. Bxd5 g6 17. Ng3 Ne6 18. c3 Bg7 19. Bd2 Nf4 20. Bxf4 exf4 21. Qxf4 O-O
22. Qd2 Kh7 23. O-O-O b5 24. Kb1 Rab8 25. f4 a5 26. Rc1 Qb6 27. e5 dxe5 28. f5
Rfd8 29. Rhe1 Rd7 30. Qg2 Ne3 31. Rxe3 Qxe3 32. Rf1 Rbd8 33. Bb3 a4 34. Bc2 Rd2
35. fxg6+ fxg6 36. Qc6 Rxc2 37. Kxc2 Rd2+ 38. Kb1 a3 39. Nf5 Qd3+ 0-1

[Event "Kramnik Challenge 2021"]
[Site "chess24.com INT"]
[Date "2021.08.14"]
[Round "12.3"]
[White "Maurizzi, Marc Andria"]
[Black "Sokolovsky, Yahli"]
[Result "1-0"]
[WhiteTitle "IM"]
[BlackTitle "FM"]
[WhiteElo "2488"]
[BlackElo "2415"]
[WhiteFideId "36083534"]
[BlackFideId "2820242"]
[EventDate "2021.08.12"]

1. e4 e5 2. Nf3 Nc6 3. Bb5 a6 4. Ba4 Nf6 5. Nc3 d6 6. Bxc6+ bxc6 7. d4 exd4 8.
Nxd4 c5 9. Nc6 Qd7 10. Na5 Be7 11. O-O O-O 12. Bf4 Rb8 13. b3 Qe8 14. e5 Bg4 15.
Qd2 Nh5 16. exd6 cxd6 17. Nc4 Rd8 18. Nd5 Nxf4 19. Qxf4 Be6 20. Rad1 Bxd5 21.
Rxd5 Bf6 22. Rxd6 Qe2 23. Qd2 Qxd2 24. Rxd2 Rxd2 25. Nxd2 Re8 26. Nf3 g5 27. Re1
Rd8 28. g4 c4 29. bxc4 Rb8 30. Re3 Rb2 31. Ra3 Rxc2 32. Rxa6 Kg7 33. Ra4 h5 34.
h3 hxg4 35. hxg4 Re2 36. c5 Rc2 37. Re4 Rxc5 38. a4 Rc2 39. Ne1 Ra2 40. Nd3 Rd2
41. Nb4 Bd4 42. a5 Bxf2+ 43. Kf1 Bc5 44. Nc6 Rf2+ 45. Ke1 Rf4 46. Re5 Bf2+ 47.
Ke2 f6 48. Rf5 Bg1 49. Rxf4 gxf4 50. Kf3 Kg6 51. Kxf4 Bh2+ 52. Kf3 Bd6 53. a6
Bc5 54. Kf4 Bd6+ 55. Ke4 Bc5 56. Nd4 Bb6 57. Ne6 Ba7 58. Kd5 f5 59. gxf5+ Kxf5
60. Nc7 Bg1 61. Nb5 Kf6 62. Nd4 1-0

[Event "Kramnik Challenge 2021"]
[Site "chess24.com INT"]
[Date "2021.08.14"]
[Round "12.4"]
[White "Khademalsharieh, Sarasadat"]
[Black "Saduakassova, Dinara"]
[Result "1/2-1/2"]
[WhiteTitle "IM"]
[BlackTitle "IM"]
[WhiteElo "2494"]
[BlackElo "2483"]
[WhiteFideId "12512214"]
[BlackFideId "13700090"]
[EventDate "2021.08.12"]

1. d4 Nf6 2. c4 e6 3. Nc3 Bb4 4. e3 O-O 5. Nf3 d5 6. Bd2 b6 7. cxd5 exd5 8. Bd3
c5 9. a3 Bxc3 10. Bxc3 Ba6 11. dxc5 bxc5 12. O-O Ne4 13. Rc1 Bb7 14. b4 Nxc3 15.
Rxc3 cxb4 16. axb4 Nd7 17. Qc2 Nf6 18. Nd4 Rc8 19. Ra1 Qb6 20. b5 Ne4 21. Bxe4
dxe4 22. h3 g6 23. Nc6 Bxc6 24. bxc6 Rfe8 25. Rb1 Qa6 26. Rc4 Re6 27. c7 Qd6 28.
Rd1 Qe5 29. Rd8+ Re8 30. Rxe8+ Qxe8 31. Rxe4 Qd7 32. Rc4 a5 33. Qc3 a4 34. Qa5
Qd1+ 35. Kh2 Qd6+ 36. f4 a3 37. Rc3 h5 38. Qa7 Kg7 39. Qxa3 Qxa3 40. Rxa3 Rxc7
41. g4 hxg4 42. hxg4 Rc1 43. Kg3 Rg1+ 44. Kf3 Rf1+ 45. Ke4 Rg1 46. g5 Rb1 47.
Ra7 Rb4+ 48. Kf3 Rb3 49. Rd7 Ra3 50. Ke4 Kf8 51. Rd3 Ra5 52. Kf3 Ke7 53. e4 Ra1
54. Rb3 Rf1+ 55. Ke3 Kf8 56. Rb6 Ke7 57. Rb7+ Ke6 58. Rb6+ Ke7 59. Rf6 Ra1 60.
Rc6 Rf1 61. Rc7+ Ke6 62. e5 Re1+ 63. Kf2 Ra1 64. Rc6+ Ke7 65. Rf6 Ra3 66. e6
fxe6 67. Rxg6 Rb3 68. Rh6 Kf7 69. Kg2 Re3 70. Rh3 Re1 71. Kf3 Kg7 72. Rh2 Kg6
73. Rh6+ Kg7 74. Rf6 Kg8 75. Rh6 Kg7 76. Kf2 Re4 77. Kg3 Re3+ 78. Kg4 Re4 79.
Kf3 Re1 1/2-1/2

[Event "Kramnik Challenge 2021"]
[Site "chess24.com INT"]
[Date "2021.08.14"]
[Round "12.5"]
[White "Abdusattorov, Nodirbek"]
[Black "Liang, Awonder"]
[Result "1/2-1/2"]
[WhiteTitle "GM"]
[BlackTitle "GM"]
[WhiteElo "2634"]
[BlackElo "2587"]
[WhiteFideId "14204118"]
[BlackFideId "2056437"]
[EventDate "2021.08.12"]

1. e4 e5 2. Nf3 Nc6 3. Bb5 Nf6 4. O-O Nxe4 5. Re1 Nd6 6. Nxe5 Be7 7. Bf1 Nf5 8.
Nf3 O-O 9. d4 d5 10. Nc3 Bf6 11. Ne2 Nh4 12. Nxh4 Bxh4 13. Ng3 Be6 14. c3 Ne7
15. Bd3 g6 16. Bh6 Re8 17. Qf3 Nc6 18. Qf4 Qf6 19. Re2 Qxf4 20. Bxf4 Rac8 21.
Rae1 Nb8 22. Nf1 Nd7 23. Ne3 c6 24. Bd6 Nf8 25. g3 Be7 26. Bxe7 Rxe7 27. f4 Rce8
28. g4 Bd7 29. f5 f6 30. h4 gxf5 31. gxf5 Bc8 32. Kf2 Nd7 33. Kf3 Kf8 34. b3 b5
35. Kf4 Nb6 36. Rg2 Rg7 37. Reg1 Ree7 38. Ng4 Nd7 39. a4 a6 40. axb5 cxb5 41.
Ne3 Rxg2 42. Rxg2 Bb7 43. Ng4 Bc6 44. b4 Bb7 45. Bc2 Bc6 46. Bb3 Re4+ 47. Kf3 h5
48. Ne3 Nb6 49. Rg6 Ke7 50. Ng2 Na4 51. Bc2 Nxc3 52. Bxe4 dxe4+ 53. Ke3 Nd5+ 54.
Kd2 Kf7 55. Ne3 Nxb4 56. Rg1 a5 57. Rc1 Ke7 58. Ra1 a4 59. Rg1 Kf7 60. Rc1 Ke7
61. d5 Bxd5 62. Rc5 a3 63. Rxb5 a2 64. Ra5 Bf7 65. Kc3 Nd3 66. Kd4 Nc1 67. Ra7+
Kf8 68. Kxe4 Nb3 69. Nc2 Nd2+ 70. Ke3 Nc4+ 71. Kf4 Nb6 72. Nb4 Nd5+ 73. Nxd5
Bxd5 74. Ke3 Bf7 75. Kd4 Bb3 76. Kc5 Ke8 77. Kd6 Kf8 78. Ra3 Kf7 79. Kc5 Kf8 80.
Kb4 Bd5 81. Kc3 Kf7 82. Ra7+ Kf8 83. Kb2 Bc4 84. Rc7 Bd5 85. Rc8+ Kg7 86. Rd8
Bf7 87. Ra8 Bd5 88. Ra5 Bc4 89. Rc5 Bf7 90. Rc1 Kf8 91. Re1 Bd5 92. Rd1 Bc4 93.
Rd4 Bf7 94. Ra4 Ke7 95. Kc3 Bd5 96. Kd4 Bb3 97. Ra8 Kf7 98. Kc3 Bd5 99. Ra5 Ke7
100. Ra7+ Kf8 101. Kd4 Bb3 102. Kc5 Bf7 103. Ra6 Ke7 104. Ra3 Kf8 105. Kd6 Bb3
106. Ra7 Bc4 107. Kc5 Bb3 108. Kb4 Bd5 109. Kc3 Bf7 110. Kb2 Bd5 111. Rd7 Bf7
112. Rd1 Ke7 113. Rg1 Kf8 114. Kc3 Bd5 115. Kd4 Bb3 116. Ra1 Ke7 117. Kc5 Kf8
118. Kd6 Kf7 119. Re1 Kf8 120. Rc1 Kf7 121. Rc7+ Kf8 122. Rc8+ Kf7 123. Ra8 Bc4 1/2-1/2

[Event "Kramnik Challenge 2021"]
[Site "chess24.com INT"]
[Date "2021.08.14"]
[Round "12.6"]
[White "Murzin, Volodar"]
[Black "Mendonca, Leon Luke"]
[Result "1/2-1/2"]
[WhiteTitle "IM"]
[BlackTitle "GM"]
[WhiteElo "2505"]
[BlackElo "2537"]
[WhiteFideId "44155573"]
[BlackFideId "35028561"]
[EventDate "2021.08.12"]

1. e4 c5 2. Nf3 d6 3. Bb5+ Nd7 4. O-O a6 5. Bd3 Ngf6 6. c3 e6 7. Bc2 b5 8. d4
Bb7 9. Re1 Be7 10. Nbd2 O-O 11. Nf1 Qc7 12. Ng3 Rfc8 13. Bd3 e5 14. Nf5 Bf8 15.
d5 c4 16. Bc2 a5 17. a3 Ba6 18. h3 Nc5 19. Bg5 Ne8 20. h4 b4 21. axb4 axb4 22.
cxb4 Nd3 23. Bxd3 cxd3 24. Bd2 Bb5 25. Ra5 Qb7 26. Bc3 Nf6 27. Nd2 g6 28. Ne3
Bh6 29. Qf3 Bg7 30. Rea1 Rxa5 31. Rxa5 h5 32. Ra3 Qb6 33. Nb3 Qb7 34. Na5 Qb6
35. Ra1 Qd8 36. Rd1 Qd7 37. Nb3 Ba4 38. Nd2 Bxd1 39. Qxd1 Bh6 40. Qf3 Kg7 41.
Nec4 Bxd2 42. Nxd2 Qb5 43. Qe3 Ra8 44. f3 Nd7 45. Kh2 Ra1 46. Nb3 Rd1 47. Qa7
Nf6 48. Nd2 Re1 49. Qc7 Ne8 50. Qc6 Qxc6 51. dxc6 Nc7 52. Nc4 Rc1 53. Kg3 Rc2
54. f4 f6 55. fxe5 dxe5 56. Kf3 Kf7 57. Na3 d2 58. Ke2 d1=Q+ 59. Kxd1 Rxg2 60.
b5 Na8 61. Nc4 Ke6 62. Ba5 Rg4 63. b6 Nxb6 64. Bxb6 Rxe4 65. b3 Rxh4 66. c7 Rxc4
67. bxc4 Kd7 68. Ke2 g5 69. Kf3 f5 70. Ba5 g4+ 71. Kg3 f4+ 72. Kh4 e4 73. c5 e3
74. c6+ Kc8 75. Bb6 g3 76. Kh3 e2 77. Ba5 h4 78. Kg2 e1=Q 79. Bxe1 Kxc7 80. Bd2
Kxc6 81. Bxf4 Kb5 82. Bxg3 hxg3 83. Kxg3 1/2-1/2

[Event "Kramnik Challenge 2021"]
[Site "chess24.com INT"]
[Date "2021.08.14"]
[Round "12.8"]
[White "Daggupati, Balaji"]
[Black "Zhu, Jiner"]
[Result "1/2-1/2"]
[WhiteTitle "FM"]
[BlackTitle "WGM"]
[WhiteElo "2429"]
[BlackElo "2455"]
[WhiteFideId "2090759"]
[BlackFideId "8608059"]
[EventDate "2021.08.12"]

1. e4 c5 2. Nf3 d6 3. d4 cxd4 4. Nxd4 Nf6 5. Nc3 a6 6. Bc4 e6 7. Bb3 Nbd7 8. f4
Nc5 9. e5 dxe5 10. fxe5 Nfd7 11. Bf4 Be7 12. Qg4 g6 13. O-O-O Qc7 14. Kb1 b5 15.
Rhe1 Bb7 16. Qg3 Qb6 17. Bg5 Bxg5 18. Qxg5 Qd8 19. Qh6 Qe7 20. Ndxb5 axb5 21.
Nxb5 O-O-O 22. Qe3 Kb8 23. Qc3 Ba6 24. Nd6 Nb7 25. Qb4 Nc5 26. Rd4 Qc7 27. Rf4
Rd7 28. Bc4 Ka7 29. Bxa6 Nxa6 30. Nb5+ Kb8 31. Qb3 Qxe5 32. Rff1 Rhd8 33. a3 Qc5
34. Nc3 Qc6 35. g3 Nc5 36. Qc4 Rd4 37. Qe2 R8d7 38. Qe5+ Ka8 39. Qh8+ Ka7 40.
Rxf7 Na4 41. Nxa4 Qxa4 42. Rxd7 Qxd7 43. Kc1 Nc5 44. Qe5 Rd5 45. Qc3 Kb6 46. Qe3
Kb7 47. Qc3 Kb6 48. b3 Kb7 49. Rf1 Kb6 50. Kb2 Qb5 51. Rf4 Na6 52. Rc4 Qd7 53.
Ra4 Kb7 54. Rc4 Kb6 55. Qe3+ Kb7 56. Re4 Rd6 57. Qc3 Rc6 58. Qe5 Qc7 59. Qxc7+
Kxc7 60. Rh4 h5 61. g4 hxg4 62. Rxg4 e5 63. Re4 Re6 64. b4 Nb8 65. a4 Nd7 66. a5
Nf6 67. Rc4+ Rc6 68. Rh4 e4 69. Kc1 e3 70. Kd1 Nd5 71. Rd4 Nc3+ 72. Ke1 Kb7 73.
Rd3 e2 74. b5 Nxb5 75. Kxe2 Rxc2+ 76. Rd2 Nd4+ 77. Kd3 Rxd2+ 78. Kxd2 Nf3+ 79.
Ke3 Nxh2 80. Kf4 Ka6 81. Kg5 Kxa5 82. Kxg6 1/2-1/2

[Event "Kramnik Challenge 2021"]
[Site "chess24.com INT"]
[Date "2021.08.15"]
[Round "13.1"]
[White "Zhu, Jiner"]
[Black "Yip, Carissa"]
[Result "1-0"]
[WhiteTitle "WGM"]
[BlackTitle "IM"]
[WhiteElo "2455"]
[BlackElo "2404"]
[WhiteFideId "8608059"]
[BlackFideId "2090732"]
[EventDate "2021.08.12"]

1. e4 e5 2. Nf3 Nc6 3. Bb5 a6 4. Ba4 Nf6 5. O-O Be7 6. Re1 b5 7. Bb3 d6 8. c3
O-O 9. h3 Nb8 10. d4 Nbd7 11. Nbd2 Bb7 12. Bc2 Re8 13. Nf1 Bf8 14. Ng3 g6 15. a4
Bg7 16. Bd3 c6 17. Bg5 h6 18. Be3 Qc7 19. Qc2 Rad8 20. Rad1 Nb6 21. a5 Nbd7 22.
b4 Rc8 23. dxe5 dxe5 24. c4 Qb8 25. Rc1 c5 26. Qb3 cxb4 27. cxb5 axb5 28. Bxb5
Ba8 29. Bc4 Rf8 30. a6 Nxe4 31. a7 Qb7 32. Nxe4 Qxe4 33. Bxf7+ Kh7 34. Rxc8 Rxc8
35. Qe6 Qf5 36. Qxf5 gxf5 37. Be6 Rc7 38. Bxf5+ Kh8 39. Rd1 e4 40. Nh4 b3 41.
Bxd7 b2 42. Be6 Bf6 43. Nf5 Kh7 44. Ba2 Bg5 45. Bb1 Kg6 46. Bxg5 hxg5 47. Ne3
Rxa7 48. Rd2 1-0

[Event "Kramnik Challenge 2021"]
[Site "chess24.com INT"]
[Date "2021.08.15"]
[Round "13.2"]
[White "Lei, Tingjie"]
[Black "Daggupati, Balaji"]
[Result "1-0"]
[WhiteTitle "GM"]
[BlackTitle "FM"]
[WhiteElo "2505"]
[BlackElo "2429"]
[WhiteFideId "8605114"]
[BlackFideId "2090759"]
[EventDate "2021.08.12"]

1. d4 d5 2. c4 c6 3. cxd5 cxd5 4. Bf4 Nf6 5. Nc3 Nc6 6. e3 Bf5 7. Qb3 Na5 8.
Qa4+ Bd7 9. Qc2 e6 10. Bd3 Nh5 11. Be5 Nc6 12. Qe2 Nxe5 13. dxe5 g6 14. Nf3 Be7
15. Nd4 Rc8 16. O-O O-O 17. Rac1 f6 18. exf6 Nxf6 19. Nf3 Bd6 20. e4 Bb8 21.
Rfd1 Nh5 22. exd5 Nf4 23. Qd2 exd5 24. Re1 Nxg2 25. Kxg2 Rxf3 26. Kxf3 Qh4 27.
Ke2 Bg4+ 28. f3 Bxf3+ 29. Kxf3 Qh5+ 30. Ke3 Bf4+ 31. Kxf4 Qh6+ 32. Kg3 Qxd2 33.
Rcd1 Qg5+ 34. Kh3 Rf8 35. Rf1 Rxf1 36. Bxf1 Qh5+ 37. Kg2 Qg4+ 38. Kf2 d4 39. Ne2
Qf5+ 40. Kg1 d3 41. Nc3 Qg5+ 42. Bg2 Qe3+ 43. Kh1 d2 44. h3 b5 45. a3 a5 46. Rf1
b4 47. axb4 axb4 48. Nd1 Qe1 49. Kh2 Kg7 50. Kg1 h5 51. Kh2 g5 52. Kg1 1-0

[Event "Kramnik Challenge 2021"]
[Site "chess24.com INT"]
[Date "2021.08.15"]
[Round "13.4"]
[White "Liang, Awonder"]
[Black "Murzin, Volodar"]
[Result "1-0"]
[WhiteTitle "GM"]
[BlackTitle "IM"]
[WhiteElo "2587"]
[BlackElo "2505"]
[WhiteFideId "2056437"]
[BlackFideId "44155573"]
[EventDate "2021.08.12"]

1. Nf3 d5 2. g3 c6 3. Bg2 Bg4 4. O-O Nd7 5. h3 Bh5 6. d4 e6 7. c4 Be7 8. Nc3
dxc4 9. a4 a5 10. e4 Ngf6 11. Qe2 Bxf3 12. Bxf3 Nb6 13. Rd1 O-O 14. Bg2 Bb4 15.
g4 Nfd7 16. Be3 Qe7 17. g5 e5 18. dxe5 Qxe5 19. f4 Qe7 20. Kh1 Nc5 21. f5 Bxc3
22. Bxc5 Qxc5 23. bxc3 Rfe8 24. Qd2 g6 25. Qf4 Qe5 26. Qf2 Qc7 27. Qh4 Nd7 28.
Rd4 Ne5 29. Rad1 Rad8 30. Qh6 Rxd4 31. cxd4 Nd3 32. f6 Nf2+ 33. Kg1 1-0

[Event "Kramnik Challenge 2021"]
[Site "chess24.com INT"]
[Date "2021.08.15"]
[Round "13.5"]
[White "Saduakassova, Dinara"]
[Black "Abdusattorov, Nodirbek"]
[Result "1/2-1/2"]
[WhiteTitle "IM"]
[BlackTitle "GM"]
[WhiteElo "2483"]
[BlackElo "2634"]
[WhiteFideId "13700090"]
[BlackFideId "14204118"]
[EventDate "2021.08.12"]

1. Nf3 Nf6 2. d4 c5 3. d5 g6 4. c4 Bg7 5. Nc3 d6 6. e4 O-O 7. Be2 e6 8. O-O exd5
9. exd5 Bf5 10. Nh4 Bc8 11. Re1 h6 12. Nf3 Bf5 13. h3 Ne4 14. Nxe4 Bxe4 15. Nd2
Bf5 16. Bg4 Bxg4 17. Qxg4 Nd7 18. Nf3 Kh7 19. Bf4 f5 20. Qg3 Re8 21. Bxd6 Qf6
22. Rab1 Re4 23. Nd2 Ree8 24. b3 Qc3 25. Qxc3 Bxc3 26. Rxe8 Rxe8 27. Nf3 Re2 28.
a3 a5 29. Kf1 Ra2 30. Rc1 Bf6 31. a4 Rb2 32. Re1 Rxb3 33. Ne5 Bxe5 34. Bxe5 Nxe5
35. Rxe5 Kg7 36. d6 Rd3 37. Rxc5 Rxd6 38. Rxa5 Rd4 39. Rc5 Kf6 40. a5 Rd2 41.
Rb5 Ra2 42. g3 f4 43. gxf4 h5 44. Kg2 Ra3 45. c5 Ke6 46. Rb6+ Kf5 47. Rxb7 Rxa5
48. c6 Rc5 49. c7 Rc3 50. Kf1 Kxf4 51. Ke2 Ke5 52. Kd2 Rc4 53. Kd3 Rc1 54. Rb5+
Ke6 55. Rb6+ Kf5 56. Rb5+ Ke6 57. Rb6+ Kf5 58. Rb7 Ke5 59. f4+ Kd6 60. Rb6+ Kxc7
61. Rxg6 Rh1 62. Rg3 Kd6 63. Ke4 Ke6 64. Re3 Kf6 65. Ra3 h4 66. Ra6+ Kf7 67. Kf5
Rxh3 68. Ra7+ Kg8 69. Kf6 Rg3 70. f5 h3 71. Ra8+ Kh7 72. Ra4 Kg8 73. Rh4 Ra3 74.
Kg5 Kf7 75. Rh7+ Kg8 76. Rh4 Kf7 77. Rh7+ Kg8 78. Rh4 1/2-1/2

[Event "Kramnik Challenge 2021"]
[Site "chess24.com INT"]
[Date "2021.08.15"]
[Round "13.7"]
[White "Yoo, Christopher Woojin"]
[Black "Maurizzi, Marc Andria"]
[Result "1/2-1/2"]
[WhiteTitle "IM"]
[BlackTitle "IM"]
[WhiteElo "2466"]
[BlackElo "2488"]
[WhiteFideId "30909694"]
[BlackFideId "36083534"]
[EventDate "2021.08.12"]

1. e4 c6 2. Nf3 d5 3. d3 Bg4 4. h3 Bxf3 5. Qxf3 e6 6. d4 Nf6 7. exd5 cxd5 8. Bd3
Nc6 9. c3 Be7 10. O-O O-O 11. Qe2 a6 12. a4 Qc7 13. f4 Bd6 14. g3 h5 15. Qf3 g6
16. Be3 b5 17. axb5 axb5 18. Nd2 b4 19. c4 dxc4 20. Nxc4 Nd5 21. Rxa8 Rxa8 22.
f5 Nxe3 23. Nxe3 exf5 24. Nxf5 Rf8 25. Be4 Nxd4 26. Nxd4 Qb6 27. Kh1 Qxd4 28.
Bd5 Kg7 29. b3 f5 30. Re1 Be5 31. Bc4 Qc3 32. Re3 Qa1+ 33. Kg2 Qb2+ 34. Re2 Qc3
35. Re3 Qd4 36. Re2 Qc3 37. Re3 Qd2+ 38. Re2 Qd4 39. Qb7+ Kh6 40. Qxb4 Rb8 41.
Qe7 Bf6 42. Qe3+ Qxe3 43. Rxe3 h4 44. g4 fxg4 45. hxg4 Ra8 46. Kh3 Ra1 47. Re6
Kg5 48. Re2 Rg1 49. Rg2 Rh1+ 50. Rh2 Rc1 51. Rd2 Be5 52. Kg2 Kxg4 53. Be6+ Kg5
54. Kf3 Rc3+ 55. Ke4 Bg3 56. b4 Kf6 57. Bh3 Be1 58. Rd6+ Kg5 59. Rd5+ Kf6 60.
Rd6+ Ke7 61. Rd3 Rc2 62. Re3 Rc1 63. Kd5+ Kf6 64. b5 Bg3 65. b6 Rh1 66. Bc8 Bf4
67. Rf3 Kg5 68. b7 Rb1 69. Rc3 Rb2 70. Ke4 Bg3 71. Rc5+ Kf6 72. Rc6+ Kg5 73.
Rc5+ Kf6 74. Rc6+ Kg5 75. Rc5+ 1/2-1/2

[Event "Kramnik Challenge 2021"]
[Site "chess24.com INT"]
[Date "2021.08.15"]
[Round "13.8"]
[White "Shuvalova, Polina"]
[Black "Bjerre, Jonas Buhl"]
[Result "1-0"]
[WhiteTitle "IM"]
[BlackTitle "GM"]
[WhiteElo "2507"]
[BlackElo "2550"]
[WhiteFideId "24171760"]
[BlackFideId "1444948"]
[EventDate "2021.08.12"]

1. e4 c5 2. Nf3 d6 3. d4 cxd4 4. Nxd4 Nf6 5. Nc3 a6 6. g3 e5 7. Nb3 Be7 8. Bg5
Nbd7 9. a4 b6 10. Bc4 Bb7 11. Qd3 O-O 12. O-O Qc7 13. Rfe1 Rfc8 14. Bxf6 Nxf6
15. Nd2 Qc5 16. Bb3 h5 17. Nf1 Qd4 18. Qe2 b5 19. Rad1 Qc5 20. axb5 axb5 21. Ne3
Bd8 22. Ned5 h4 23. Nxf6+ Bxf6 24. Qxb5 Ba6 25. Qd7 Bc4 26. Bxc4 Qxc4 27. Nd5
hxg3 28. hxg3 Qxc2 29. Nxf6+ gxf6 30. Rxd6 Rc7 31. Qg4+ Kf8 32. Qh4 Qxb2 33.
Qh8+ Ke7 34. Qxf6+ Ke8 35. Red1 1-0

[Event "Kramnik Challenge 2021"]
[Site "chess24.com INT"]
[Date "2021.08.15"]
[Round "14.1"]
[White "Yip, Carissa"]
[Black "Bjerre, Jonas Buhl"]
[Result "1-0"]
[WhiteTitle "IM"]
[BlackTitle "GM"]
[WhiteElo "2404"]
[BlackElo "2550"]
[WhiteFideId "2090732"]
[BlackFideId "1444948"]
[EventDate "2021.08.12"]

1. e4 c5 2. Nf3 d6 3. d4 cxd4 4. Nxd4 Nf6 5. Nc3 a6 6. Be3 e5 7. Nf3 Be7 8. Bc4
O-O 9. O-O Be6 10. Bxe6 fxe6 11. Na4 Nfd7 12. c4 Nc6 13. Rc1 Qe8 14. Qb3 Na5 15.
Qb4 Nc6 16. Qxb7 Nf6 17. Bg5 Rb8 18. Qc7 Nxe4 19. Bxe7 Nxe7 20. Nc3 Nxc3 21.
Rxc3 Nf5 22. b3 Qg6 23. Re1 Qf6 24. Rc2 Rbc8 25. Qb7 a5 26. Qe4 Rc5 27. Rd2 Rb8
28. Red1 a4 29. Rd3 axb3 30. axb3 Rc7 31. g4 Nd4 32. Nxd4 exd4 33. Rxd4 Rf7 34.
Qe3 Rbf8 35. R1d2 Qg6 36. Qe4 Qg5 37. Qxe6 Kh8 38. Rxd6 h6 39. Qg6 Qc5 40. R6d5
Qa7 41. c5 Qa1+ 42. Kg2 Qe1 43. Qc2 Qe6 44. h3 Rxf2+ 45. Rxf2 Qxd5+ 46. Kg1 Re8
47. Qc3 Qd1+ 48. Rf1 Qd5 49. b4 Re2 50. Qf3 Qd4+ 51. Kh1 Qd2 52. c6 Re3 53. c7
Rxf3 54. c8=Q+ Kh7 55. Rxf3 Qd1+ 56. Kg2 Qe2+ 57. Kg3 Qe5+ 58. Kf2 Qd4+ 59. Re3
Qd2+ 60. Kf3 Qd5+ 61. Ke2 Qa2+ 62. Kd1 Qa4+ 63. Qc2+ 1-0

[Event "Kramnik Challenge 2021"]
[Site "chess24.com INT"]
[Date "2021.08.15"]
[Round "14.2"]
[White "Maurizzi, Marc Andria"]
[Black "Shuvalova, Polina"]
[Result "1-0"]
[WhiteTitle "IM"]
[BlackTitle "IM"]
[WhiteElo "2488"]
[BlackElo "2507"]
[WhiteFideId "36083534"]
[BlackFideId "24171760"]
[EventDate "2021.08.12"]

1. e4 c6 2. d4 d5 3. e5 Bf5 4. h4 h5 5. Bd3 Bxd3 6. Qxd3 Qa5+ 7. Nd2 e6 8. Ne2
Nd7 9. O-O Nh6 10. Nf3 Nf5 11. Ng3 Ne7 12. Ng5 g6 13. Qf3 Nf5 14. Nxf5 gxf5 15.
b3 Be7 16. c4 Qb6 17. Qd3 Rf8 18. c5 Qa6 19. Qxa6 bxa6 20. b4 O-O-O 21. a4 Kc7
22. Bd2 Rb8 23. b5 Bxg5 24. Bxg5 Rfe8 25. Rfb1 Rb7 26. bxa6 Rxb1+ 27. Rxb1 Rb8
28. Rxb8 Nxb8 29. Kh2 Nxa6 30. Bd2 Kd7 31. Kg3 Ke7 32. Kf4 f6 33. exf6+ Kxf6 34.
Ba5 e5+ 35. dxe5+ Ke6 36. Kg5 Nxc5 37. Kxh5 Ne4 38. f3 Ng3+ 39. Kg6 f4 40. h5
Nf5 41. h6 Ne7+ 42. Kg5 Kf7 43. e6+ Kg8 44. Bb4 Nc8 45. e7 Nxe7 46. Bxe7 Kh7 47.
Bc5 a6 48. a5 1-0

[Event "Kramnik Challenge 2021"]
[Site "chess24.com INT"]
[Date "2021.08.15"]
[Round "14.3"]
[White "Khademalsharieh, Sarasadat"]
[Black "Yoo, Christopher Woojin"]
[Result "0-1"]
[WhiteTitle "IM"]
[BlackTitle "IM"]
[WhiteElo "2494"]
[BlackElo "2466"]
[WhiteFideId "12512214"]
[BlackFideId "30909694"]
[EventDate "2021.08.12"]

1. d4 Nf6 2. c4 c5 3. d5 b5 4. Qc2 d6 5. e4 bxc4 6. Bxc4 g6 7. Nc3 Bg7 8. Nf3
O-O 9. O-O Ba6 10. Bxa6 Nxa6 11. Rd1 Nd7 12. Bf4 Rb8 13. Qe2 Qb6 14. Rd2 f6 15.
h4 h5 16. Rc1 Nc7 17. Rdc2 Qa6 18. Qd2 Nb5 19. Nxb5 Rxb5 20. b3 Rb4 21. Rc4 Rfb8
22. Rxb4 Rxb4 23. Qc2 Qa3 24. Bd2 Rb8 25. e5 dxe5 26. Qxg6 Nf8 27. Qxh5 Qxa2 28.
Rc4 Qb1+ 29. Kh2 Qg6 30. Qxg6 Nxg6 31. h5 Nf8 32. Rxc5 Rxb3 33. Rc7 Rd3 34. Rxe7
Rxd5 35. h6 Bh8 36. Bb4 a5 37. Ba3 Rd3 38. Bc5 Rd5 39. Rc7 e4 40. Rc8 Rxc5 41.
Rxc5 exf3 42. g4 Kh7 43. Rxa5 Kxh6 44. Kg3 Kg6 45. Kxf3 Ne6 46. Kg3 Nd4 47. f4
Bg7 48. Rd5 f5 49. Rd6+ Kf7 50. g5 Ne2+ 51. Kf3 Nd4+ 52. Ke3 Nc2+ 53. Kd3 Ne1+
54. Ke2 Ng2 55. Kf3 Nh4+ 56. Kg3 Ng6 57. Rd7+ Ne7 58. Kf3 Ke6 59. Ra7 Bd4 60.
Ra6+ Kf7 61. Rd6 Bg7 62. Kg3 Bc3 63. Ra6 Be1+ 64. Kf3 Bc3 65. Ra7 Bg7 66. Ke3
Bb2 67. Kd3 Bc1 68. Ra6 Bxf4 69. Kd4 Bxg5 70. Ke5 Bh4 71. Kf4 Bf6 72. Rd6 Kg6
73. Rd1 Kf7 74. Rd7 Ke6 75. Rd1 Ng6+ 76. Kf3 Be5 77. Rb1 Kf6 78. Rb6+ Kg5 79.
Rb5 Nh4+ 80. Kf2 Bh2 81. Ra5 Kg4 82. Ra8 Bg3+ 83. Ke2 f4 84. Rg8+ Kh3 85. Kf1
Nf5 86. Rf8 Ne3+ 87. Ke2 Kg2 88. Kd3 Ng4 89. Ke4 Nf2+ 90. Kd4 f3 91. Ke3 Ng4+
92. Ke4 f2 93. Rxf2+ Kxf2 94. Kd4 Kf3 95. Kd3 Be5 96. Kc4 Ke4 97. Kc5 Ne3 98.
Kc6 Kf5 99. Kc5 Ke6 100. Kb5 Kd5 101. Kb4 Bd4 102. Kb3 Kc5 103. Ka4 Bc3 104. Kb3
Kd4 105. Ka3 Kc4 106. Ka4 Nd5 107. Ka3 Nb4 108. Ka4 Nd3 109. Ka3 Nc5 110. Ka2
Kd3 111. Ka3 Kc2 112. Ka2 Bb4 0-1